La mística en la poesía española (Registro nro. 180954)

Detalles MARC
000 -LEADER
campo de control de longitud fija 00789nam a2200217 i 4500
001 - NÚMERO DE CONTROL
campo de control 180954
003 - IDENTIFICADOR DE NÚMERO DE CONTROL
campo de control ES-MaACL
005 - FECHA Y HORA DE LA ÚLTIMA TRANSACCIÓN
campo de control 20251212171856.0
008 - DATOS DE LONGITUD FIJA--INFORMACIÓN GENERAL
campo de control de longitud fija 120903q19501959sp a |||| |dspa d
100 1# - ENTRADA PRINCIPAL--NOMBRE DE PERSONA
Nombre de persona Tavera Baz, José María.
9 (RLIN) 109420
245 13 - MENCIÓN DEL TÍTULO
Título La mística en la poesía española
Resto del título : Santa Teresa de Jesús y San Juan de la Cruz /
Mención de responsabilidad, etc. José Mª Tavera ; portada de Coll.
260 ## - PUBLICACIÓN, DISTRIBUCIÓN, ETC.
Lugar de publicación, distribución, etc. Barcelona :
Nombre del editor, distribuidor, etc. Ediciones G.P.,
Fecha de publicación, distribución, etc. [195-]
300 ## - DESCRIPCIÓN FÍSICA
Extensión 64 p. ;
Dimensiones 11 cm.
490 1# - MENCIÓN DE SERIE
Mención de serie Enciclopedia pulga ;
Designación de volumen o secuencia 434
600 00 - PUNTO DE ACCESO ADICIONAL DE MATERIA--NOMBRE DE PERSONA
Nombre de persona Teresa de Jesús,
Títulos y otros términos asociados al nombre Santa,
Fechas asociadas al nombre 1515-1582
9 (RLIN) 226510
600 04 - PUNTO DE ACCESO ADICIONAL DE MATERIA--NOMBRE DE PERSONA
Nombre de persona Juan de la Cruz,
Títulos y otros términos asociados al nombre Santo,
Fechas asociadas al nombre 1542-1591
9 (RLIN) 67110
700 0# - ENTRADA AGREGADA--NOMBRE PERSONAL
Nombre de persona Coll, Alejandro.
9 (RLIN) 39607
830 0# - PUNTO DE ACCESO ADICIONAL DE SERIE-TÍTULO UNIFORME
Título uniforme Enciclopedia pulga ;
Designación de volumen o secuencia 434
9 (RLIN) 191296
852 ## - LOCALIZACIÓN
Ubicación ES-MaACL
Número de control de estantería 2311-F-42
Existencias
Estatus retirado Estado de pérdida Estado de daño No para préstamo Colección Biblioteca de origen Biblioteca actual Ubicación en estantería Fecha de adquisición Fuente de adquisición Total de préstamos Signatura topográfica completa Código de barras Visto por última vez Precio de reemplazo Tipo de ítem Koha
        Colección de folletos Biblioteca del Ateneo de Madrid Biblioteca del Ateneo de Madrid Depósito folletos 03/09/2012     2311-F-42 1190151 23/02/2023 23/02/2023 Folleto